Normal view
MARC view
- Indígenas de México
Entry Materia
Number of records used in: 101
001 - NÚMERO DE CONTROL DEL REGISTRO
- campo de control: 5132
003 - IDENTIFICADOR DE NUMERO DE CONTROL
- campo de control: MX-MxUPN
005 - FECHA Y HORA DE LA ÚLTIMA TRANSACCIÓN
- campo de control: 20231127083011.0
008 - DATOS DE LONGITUD FIJA
- campo de control de longitud fija: 231127nn fnnnnbaba a ana |d
035 ## - NÚMERO DE CONTROL DEL SISTEMA
- Número de control del sistema: UPN10000005132
040 ## - FUENTE DE LA CATALOGACIÓN
- Lengua de catalogación: spa
- Centro catalogador de origen: MX-MxUPN
150 ## - ENCABEZAMIENTO - TEMÁTICO
- Término de materia o nombre geográfico como elemento inicial: Indígenas de México
- Subdivisión de materia general: Vida social y costumbres
450 ## - VÉASE - MATERIA
- Encabezamiento temático: Indios de México
- Subdivisión temática general: Vida social y costumbres
- Subcampo de control: nno
670 ## - FUENTE EN LA QUE SE LOCALIZARON DATOS
- Cita de la fuente: Escamilla González, G. Lista de encabezamientos de materia, 1978 :
- Información localizada: página 456 (Indios de México -- Vida social y costumbres)
670 ## - FUENTE EN LA QUE SE LOCALIZARON DATOS
- Cita de la fuente: Autoridades BGTQ, 27 noviembre 2023 :
- Información localizada: (Indígenas de México)
902 ## - CATALOGADOR
- Catalogador: CAA/310796
- Catalogador: VíctorGodínez/271123
